00721nam a22002057a 4500999001900000005001700019010001700036020002600053035001400079037001300093082000800106100002000114245009200134260004200226270003700268300002100305500004900326942002200375952011800397 c143348d14334820230529143339.0 aENG-119765  c160.00a9788180642142 aEN-103297 bDBAD/PUB a121 aBagchi, Nandita aBeyond patriarchy :cby Nandita Bagchiba critique of western mainstream epistemology / aKolkatabProgressive Publishersc2012 bKolkataa37A, College Streete73 a192p. c22cm(Hb) aIncludes bibligraphical references and index cENh121mBAG2lcc 001040708NFICaAVbAVd2017-08-14eDBAD/PUBg160.00l0o121 BAGpEN-103297r2017-08-14 00:00:00t1v160.00yEN